It looks like you're offline.
Open Library logo
additional options menu

MARC record from Internet Archive

LEADER: 00724nam 22002052 45R0
001 NYUb13602234
003 NYU
005 20080409192904.0
008 080409s198802 nyu 000 0 eng d
035 $a(nnu-cims)tr2008d0e13820
040 $aNNU$cNNU
088 $aCS TR-347
100 1 $aSilver, Naomi.
245 10 $aIssues in dextrous manipulation: grasping, compliance, and control, $cby Naomi Silver, Bud Mishra.
260 $aNew York:$bCourant Institute of Mathematical Sciences, New York University,$cFeb. 1988.
300 $a34 p.$c28 cm.
440 0 $aRobotics report,$v141
655 0 $aTechnical reports
700 1 $aMishra, Bud
852 4 $aNNU$bNYU$bCourant$bTechRept$jCIMS CS TR-347$714471529$pN11989845$yAvailable$5N11989845